Crecer como un río : (Registro nro. 4018)
[ vista simple ]
| 000 -LEADER | |
|---|---|
| fixed length control field | 01714nam a2200289Ia 4500 |
| 003 - CONTROL NUMBER IDENTIFIER | |
| control field | OSt |
| 005 - DATE AND TIME OF LATEST TRANSACTION | |
| control field | 20200504114250.0 |
| 008 - FIXED-LENGTH DATA ELEMENTS--GENERAL INFORMATION | |
| fixed length control field | 191128s2017 ck ao gr 000 0 spa d |
| 020 ## - INTERNATIONAL STANDARD BOOK NUMBER | |
| International Standard Book Number | 9789588944814 |
| 040 ## - CATALOGING SOURCE | |
| Original cataloging agency | CO-JMCR |
| Transcribing agency | CO-JMCR |
| 041 0# - LANGUAGE CODE | |
| Language code of text/sound track or separate title | spa |
| 082 04 - DEWEY DECIMAL CLASSIFICATION NUMBER | |
| Classification number | 305.5633 / |
| Item number | M543c |
| 100 1# - MAIN ENTRY--PERSONAL NAME | |
| Personal name | Meneses Bolaños, Wilder Jamith, |
| Relator term | investigador |
| 9 (RLIN) | 3830 |
| 245 #0 - TITLE STATEMENT | |
| Title | Crecer como un río : |
| Remainder of title | jornaliando cuesta arriba por vida digna, integración regional y desarrollo propio del Macizo Colombiano, Cauca, Nariño y Colombia / |
| Statement of responsibility, etc. | Wilder Jamith Meneses Bolaños, Camilo López Pérez, Víctor Hugo Buesaquillo [y otros 4] |
| 250 ## - EDITION STATEMENT | |
| Edition statement | Primera edición |
| 260 ## - PUBLICATION, DISTRIBUTION, ETC. | |
| Place of publication, distribution, etc. | Bogotá : |
| Name of publisher, distributor, etc. | Centro de Memoria Histórica, |
| Date of publication, distribution, etc. | 2017 |
| 300 ## - PHYSICAL DESCRIPTION | |
| Extent | 411 páginas : |
| Other physical details | ilustraciones fotografía ; |
| Dimensions | 23 cm. |
| 505 ## - FORMATTED CONTENTS NOTE | |
| Formatted contents note | El Cima fue un río grande donde caímos todos los arroyitos del Macizo -- El Macizo vuelve a rugir -- Caminos y siembras en épocas de crisis y miedo -- Estrategias y alianzas para romper el cerco de violencia y el miedo --La resiembra en el macizo Colombia |
| 520 ## - SUMMARY, ETC. | |
| Summary, etc. | Recordar los caminos recorridos en el Cima evoca alegría y tristeza. En el caminar del Cima se han vivido momentos que han sido tristes ; ha habido muertos como el asesinato de Enoc Samboní, señalamientos, amenazas, desplazamientos forzados. |
| 650 14 - SUBJECT ADDED ENTRY--TOPICAL TERM | |
| Topical term or geographic name entry element | Víctimas de la violencia |
| Chronological subdivision | Siglo XX |
| Geographic subdivision | Valle del Cauca |
| 9 (RLIN) | 3831 |
| 650 24 - SUBJECT ADDED ENTRY--TOPICAL TERM | |
| Topical term or geographic name entry element | Conflicto armado |
| Geographic subdivision | Valle del Cauca |
| 9 (RLIN) | 3834 |
| 650 24 - SUBJECT ADDED ENTRY--TOPICAL TERM | |
| Topical term or geographic name entry element | Tenencia de la tierra |
| Geographic subdivision | Valle del Cauca |
| 9 (RLIN) | 3835 |
| 650 24 - SUBJECT ADDED ENTRY--TOPICAL TERM | |
| Topical term or geographic name entry element | Desarrollo regional |
| Geographic subdivision | Valle del Cauca |
| 9 (RLIN) | 3836 |
| 700 1# - ADDED ENTRY--PERSONAL NAME | |
| Personal name | López Pérez, Camilo, |
| Relator term | investigador |
| 9 (RLIN) | 3832 |
| 700 1# - ADDED ENTRY--PERSONAL NAME | |
| Personal name | Buesaquillo, Víctor Hugo, |
| Relator term | investigador |
| 9 (RLIN) | 3833 |
| 942 ## - ADDED ENTRY ELEMENTS (KOHA) | |
| Source of classification or shelving scheme | Dewey Decimal Classification |
| Koha item type | Books |
| Withdrawn status | Lost status | Source of classification or shelving scheme | Materials specified (bound volume or other part) | Damaged status | Not for loan | Home library | Current library | Shelving location | Date acquired | Source of acquisition | Cost, normal purchase price | Total Checkouts | Full call number | Barcode | Date last seen | Date last checked out | Copy number | Price effective from | Koha item type |
|---|---|---|---|---|---|---|---|---|---|---|---|---|---|---|---|---|---|---|---|
| Dewey Decimal Classification | Donación--12/04/2018-- | Biblioteca Pública José María del Castillo y Rada | Biblioteca Pública José María del Castillo y Rada | General Stacks | 11/28/2019 | Donación | 0.00 | 1 | 305.5633 / M543c | 201808811 | 12/12/2024 | 12/10/2024 | V.2 / Ej.1 | 11/28/2019 | Books |